Statistiques concernant Les Pokémons de type Plante

Cliquez ici pour prendre le quiz!

Statistiques générales

  • Ce quiz a été pris 306 fois
    (184 depuis la dernière actualisation)
  • Le résultat moyen est 89 sur 116

Statistiques - réponses

GenType 1Type 2Pokémon% Correct
I001PlantePoisonBulbizarre
100%
I003PlantePoisonFlorizarre
100%
I002PlantePoisonHerbizarre
98%
I045PlantePoisonRafflesia
97%
III252PlanteArcko
96%
III253PlanteMassko
96%
I043PlantePoisonMystherbe
96%
I044PlantePoisonOrtide
96%
II152PlanteGermignon
95%
III254PlanteJungko
94%
II154PlanteMéganium
94%
IV389PlanteSolTorterra
94%
IV387PlanteTortipouss
94%
IV460PlanteGlaceBlizzaroi
93%
IV459PlanteGlaceBlizzi
93%
IV388PlanteBoskara
93%
II153PlanteMacronium
93%
I070PlantePoisonBoustiflor
92%
I069PlantePoisonChétiflor
92%
II189PlanteVolCotovol
92%
I103PlanteDragon | PsyNoadkoko
92%
V495PlanteVipélierre
92%
I071PlantePoisonEmpiflor
91%
II188PlanteVolFloravol
91%
II187PlanteVolGranivol
91%
V497PlanteMajaspic
91%
I102PlantePsyNoeunoeuf
91%
I046PlanteInsecteParas
91%
I047PlanteInsecteParasect
91%
V496PlanteLianaja
90%
III271PlanteEauLombre
88%
III272PlanteEauLudicolo
88%
III270PlanteEauNénupiot
88%
III274PlanteTénèbresPifeuil
86%
IV407PlantePoisonRoserade
86%
III275PlanteTénèbresTengalice
86%
III315PlantePoisonRosélia
85%
IV406PlantePoisonRozbouton
85%
V541PlanteInsecteCouverdure
84%
III273PlanteGrainipiot
84%
V542PlanteInsecteManternel
84%
IV492PlanteShaymin
82%
III357PlanteVolTropius
82%
V540PlanteInsecteLarveyette
81%
III345PlanteRocheLilia
81%
III346PlanteRocheVacilys
81%
III285PlanteBalignon
80%
VI652PlanteCombatBlindépique
80%
II182PlanteJoliflor
80%
VI650PlanteMarisson
80%
IV493PlanteArceus
79%
VII724PlanteCombat | SpectreArchéduc
79%
VII722PlanteVolBrindibou
79%
III286PlanteCombatChapignon
79%
I101PlanteElectrikElectrode
79%
I100PlanteElectrikVoltorbe
79%
VI651PlanteBoguérisse
78%
VII723PlanteVolEfflèche
78%
V549PlanteFragilady
78%
V640PlanteCombatViridium
78%
V597PlanteAcierGrindur
77%
V598PlanteAcierNoacier
77%
IV470PlantePhyllali
77%
II251PlantePsyCelebi
76%
V548PlanteChlorobule
76%
V546PlanteFéeDoudouvet
75%
III331PlanteCacnea
74%
III332PlanteTénèbresCacturne
74%
VI709PlanteSpectreDesséliande
74%
VI708PlanteSpectreBrocélôme
73%
V547PlanteFéeFarfaduvet
73%
II192PlanteHéliatronc
72%
IV479PlanteElectrikMotisma
72%
VIII810PlanteOuistempo
72%
I114PlanteSaquedeneu
72%
IV465PlanteBouldeneu
71%
II191PlanteTournegrin
71%
IV421PlanteCeriflor
70%
V511PlanteFeuillajou
70%
VI710PlanteSpectrePitrouille
70%
IV455PlanteVortente
70%
IV420PlanteCeribou
69%
V512PlanteFeuiloutan
68%
VIII811PlanteBadabouin
67%
IV413PlanteInsecteCheniselle
67%
V585PlanteNormalVivaldaim
67%
V591PlantePoisonGaulet
65%
V586PlanteNormalHaydaim
65%
VIII812PlanteGorythmic
64%
VI711PlanteSpectreBanshitrouye
63%
V590PlantePoisonTrompignon
63%
VIII842PlanteDragonDratatin
62%
VIII840PlanteDragonVerpom
62%
VI673PlanteChevroum
59%
V556PlanteMaracachi
59%
VIII841PlanteDragonPomdrapi
59%
VI672PlanteCabriolaine
58%
VIII893PlanteTénèbresZarude
58%
VII773PlanteSilvallié
57%
VII755PlanteFéeSpododo
56%
VII763PlanteSucreine
56%
VII756PlanteFéeLampignon
55%
VII754PlanteFloramantis
54%
VII787PlanteFéeTokotoro
54%
VII762PlanteCandine
53%
VII761PlanteCroquine
53%
VII798PlanteAcierKatagami
53%
VII753PlanteMimantis
53%
VIII898PlantePsySylveroy
52%
VII781PlanteSpectreSinistrail
51%
VIII830PlanteBlancoton
49%
VIII829PlanteTournicoton
47%

Distribution des résultats

Percentile par nombre de réponses

% des personnes avec chaque résultat

Votre développement - résultats

Vous n’avez pas pris ce quiz depuis la dernière actualisation